<?xml version="1.0" encoding="UTF-8"?>
<marc:record xmlns:marc="http://www.loc.gov/MARC21/slim">
   <marc:leader>00000nam a2200000 a 4500</marc:leader>
   <marc:datafield ind1="1" ind2=" " tag="100">
      <marc:subfield code="a">Goldammer, Frank</marc:subfield>
      <marc:subfield code="4">aut</marc:subfield>
      <marc:subfield code="e">Verfasser/-in</marc:subfield>
   </marc:datafield>
   <marc:datafield ind1="1" ind2=" " tag="100">
      <marc:subfield code="a">Deutschmann, Heikko</marc:subfield>
   </marc:datafield>
   <marc:datafield ind1="0" ind2="0" tag="245">
      <marc:subfield code="a">Vergessene Seelen</marc:subfield>
   </marc:datafield>
   <marc:datafield ind1="0" ind2="0" tag="245">
      <marc:subfield code="b">ein Fall für Max Heller</marc:subfield>
   </marc:datafield>
   <marc:datafield ind1=" " ind2="1" tag="264">
      <marc:subfield code="b">Der Audio Verlag</marc:subfield>
      <marc:subfield code="c">2018</marc:subfield>
   </marc:datafield>
   <marc:datafield ind1="1" ind2=" " tag="520">
      <marc:subfield code="a">Dresden, Sommer 1948: Während in der Stadt die Wiederaufbauarbeiten nur langsam vorangehen, bekommt es Max Heller in der staubigen Sommerhitze mit dem Fall eines toten Vierzehnjährigen zu tun. Woran er gestorben ist, ist völlig unklar. Wurde er von seinem kriegstraumatisierten Vater zu Tode geprügelt oder hat er die Mutprobe einer Jugendbande nicht bestanden? Niemand scheint sich für den Tod des Jungen zu interessieren. Heller stößt bei seinen Ermittlungen auf eine Wand des Schweigens und wird dabei mit seinem ganz persönlichen Albtraum konfrontiert.</marc:subfield>
   </marc:datafield>
   <marc:datafield ind1="0" ind2=" " tag="490">
      <marc:subfield code="v">0</marc:subfield>
   </marc:datafield>
   <marc:datafield ind1=" " ind2=" " tag="300">
      <marc:subfield code="a">664 Min.</marc:subfield>
   </marc:datafield>
</marc:record>
